Canadian workers, American unions /

Збережено в:
Бібліографічні деталі
Автор: Scott, Jack, 1910-
Формат: Книга
Мова:English
Опубліковано: Vancouver : New Star Books, 1978.
Серія:Trade unions and imperialism in America ; v.2
Предмети:
LEADER 00883nam a2200241 i 4500
001 c000241931
003 CARM
005 00000000000000.0
008 840306s1978 bcc 001 0 eng d
019 1 |a 3630358  |z 2048893  |5 LACONCORD2021 
020 |a 0919888828 
035 |a (OCoLC)5226099  |5 LACONCORD2021 
082 0 4 |a 331.880971 
100 1 |a Scott, Jack,  |d 1910- 
245 1 0 |a Canadian workers, American unions /  |c Jack Scott. 
260 |a Vancouver :  |b New Star Books,  |c 1978. 
300 |a 242p. 
440 0 |a Trade unions and imperialism in America ;  |v v.2 
650 0 |a Labor unions  |z Canada  |x History. 
650 0 |a Labor unions  |z United States. 
852 8 |b CARM  |h A1:AP02B0  |i B07212  |p 0361671  |f BK 
999 f f |i 08d26fd5-25f8-52eb-b01b-3efc3ce093fc  |s fec32bb3-37b0-57bb-8a32-b1aef27e4dce 
952 f f |p Can circulate  |a CAVAL  |b CAVAL  |c CAVAL  |d CARM 1 Store  |e B07212  |f A1:AP02B0  |h Other scheme  |i book  |m 0361671